000 02270cam a2200601 a 4500
001 21612
003 VRT
005 20260306141043.0
008 240226s1983 xo a jr 000 j slo c
015 _aSNBA1983
020 _q(viazané)
035 _aSNK000035981
035 _a24E3EDC9-D162-4F52-A381-558C49866B6B
035 _aurn:nbn:sk:snk-am00ifqq
039 9 _a202501141345
_bmaubb02
_c202402262126
_dVLOAD
_c202305011811
_dVLOAD
_c202304281412
_dVLOAD
040 _aSNK
_bslo
_cSNK
_dAUBB
_eAACR2
041 0 _aslo
044 _axo
_cSK
072 7 _a821.162.4-3
_xSlovenská próza
_2konspekt
072 7 _a821-93
_xLiteratúra pre deti a mládež (beletria)
_2konspekt
080 _a821.162.4-34
_22011
080 _a82-93-053.4/.5
_22011
100 1 _aŤažký, Ladislav,
_d1924-2011
_4aut
_4aft
245 1 0 _aJánošíková slza
_cLadislav Ťažký ; ilustrácie vyryl a knihu graficky upravil Vladimír Machaj
250 _a1. vyd.
260 _aBratislava
_bMladé letá
_c1983
300 _a140 strán
_bilustrácie
_c25 cm
366 _e12 000 kusov
500 _aRozložená ilustrovaná titulná strana. Vysvetlivky
500 _aObsahuje 3 diela
521 1 _aPre čitateľov od 13 rokov
655 7 _aslovenské povesti
_2SNKPH
655 7 _aliteratúra pre deti a mládež
_2SNKPH
655 7 _aSlovak legends
_2SNKPHeng
655 7 _aChildren's and juvenile literature
_2SNKPHeng
700 1 _aMachaj, Vladimír,
_d1929-2016
_4ill
_4bkd
740 0 2 _aJánošíkov íver
740 0 2 _aRuna
910 _asnk
942 _2ddc
_cKLDE
_n0
949 _62889060031
_asavukS 93407
949 _6369701000023906
_aaubbO 16477
_baubbO16477
_pDarca: I. Badínska ; s venovaním autora
949 _63830001009386
_akurukT18/ŤAŽK1-2
949 _617A0176692
_9P60, <04>, [BOOK], {604}
_asnkSC 59703 D1
949 _63869A02149
_abpksh885.4-32
_bbpksh32524
949 _63869A02148
_abpksh885.4-32
_bbpksh32523
949 _63869A02147
_abpksh885.4-32
_bbpksh32522
949 _64710704327
_astrmkM
_bstrmk2008/4327
949 _6270001000251599
_asvkbbB 13651
_bsvkbbm 439243
949 _617A0900693
_asnkSC 59703
_bsnkKSP 8902/83
_s6100:20220725
999 _c21612
_d21612